Physics of the impossible : (Record no. 6782)

MARC details
000 -LEADER
fixed length control field 00619nam a22001937a 4500
003 - CONTROL NUMBER IDENTIFIER
control field OSt
005 - DATE AND TIME OF LATEST TRANSACTION
control field 20210219131617.0
008 - FIXED-LENGTH DATA ELEMENTS--GENERAL INFORMATION
fixed length control field 210219b ||||| |||| 00| 0 eng d
020 ## - INTERNATIONAL STANDARD BOOK NUMBER
International Standard Book Number 978071399921
040 ## - CATALOGING SOURCE
Language of cataloging DLC
Transcribing agency DLC
082 ## - DEWEY DECIMAL CLASSIFICATION NUMBER
Classification number 530
Item number KAK 2008
100 ## - MAIN ENTRY--PERSONAL NAME
Personal name Kaku, Michio
9 (RLIN) 13898
245 ## - TITLE STATEMENT
Title Physics of the impossible :
Remainder of title a scientific exploration of the world of phasers, force fields, teleportation and time travel/
Statement of responsibility, etc. Michio Kaku
260 ## - PUBLICATION, DISTRIBUTION, ETC. (IMPRINT)
Place of publication, distribution, etc. London
Name of publisher, distributor, etc. Penguin books
Date of publication, distribution, etc. 2008
300 ## - PHYSICAL DESCRIPTION
Extent xviii, 329p;
Dimensions 24cm.
504 ## - BIBLIOGRAPHY, ETC. NOTE
Bibliography, etc Includes index and bibliographical references
650 ## - SUBJECT ADDED ENTRY--TOPICAL TERM
Source of heading or term Physics
942 ## - ADDED ENTRY ELEMENTS (KOHA)
Source of classification or shelving scheme Dewey Decimal Classification
Koha item type Open Shelf
Holdings
Withdrawn status Lost status Source of classification or shelving scheme Damaged status Not for loan Home library Current library Date acquired Source of acquisition Inventory number Total Checkouts Full call number Barcode Date last seen Price effective from Koha item type
    Dewey Decimal Classification     MUST Main Library MUST Main Library 19/02/2021 Donation 2011/35363   530 KAK 2008 2021-0215 19/02/2021 19/02/2021 Open Shelf